000 00727 a2200229 4500
005 20260413145904.0
008 260413b |||||||| |||| 00| 0 eng d
020 _a9781509561056(hbk)
037 _cTB
040 _aCRL
_cCRL
041 _2eng
_aeng
084 _aV58.P1 R3
_qCRL
100 _aKhodorkovsky, Mikhail
_91234751
245 _aHow to slay a dragon-builsinga new Russia after putin
260 _aNJ, USA:
_bPolity press,
_c2023.
300 _a225p.
365 _b2269.25
_cINR
650 _aRussia- History
_91234752
700 _aDalziel, Stephen
_eTr.
_91234753
942 _cTEXL
_2CC
_hV58.P1 R3
999 _c1679928
_d1679928